| 000 | 00904 a2200325 4500 | ||
|---|---|---|---|
| 001 | 200418978 | ||
| 999 |
_c200418978 _d40630 |
||
| 003 | TR-AnTOB | ||
| 005 | 20240115095256.0 | ||
| 008 | 160506b19619999xxumr0p 0 0 | ||
| 022 | _a0008-6002 | ||
| 040 | _aTR-AnTOB | ||
| 041 | _aeng | ||
| 050 | 0 | 0 |
_aTL236 _b.C3 |
| 099 | _aJOURNAL - CAR | ||
| 245 | 0 | 0 | _aCar and driver. |
| 246 | 2 | 5 | _aCar and driver magazine |
| 264 | 1 |
_a[New York, N.Y. : _bZiff-Davis Pub. Co., |
|
| 300 |
_avolume : _billustrations ; _c26 cm. |
||
| 310 | _aMonthly. | ||
| 336 |
_atext _2rdacontent |
||
| 337 |
_aunmediated _2rdamedia |
||
| 338 |
_avolume _2rdacarrier |
||
| 362 | 0 | _aVol. 6, no. 10 (Apr. 1961)- | |
| 650 | 0 |
_aSports cars _vPeriodicals _996093 |
|
| 650 | 0 |
_aAutomobiles _vPeriodicals _996092 |
|
| 650 | 0 |
_aAutomobile racing _vPeriodicals _996091 |
|
| 650 | 0 |
_aAutomobile drivers _vPeriodicals _996090 |
|
| 942 | _cCR | ||